| 000 | 00577nam a2200169 4500 | ||
|---|---|---|---|
| 001 | 147989 | ||
| 003 | ES-MaACL | ||
| 005 | 20230906202353.0 | ||
| 007 | t| | ||
| 008 | 070214s1948 mx r ||||1| spa d | ||
| 245 | 0 | 0 |
_aCirugía de urgencia / _cbajo la dirección de Julius L. Spivack ; traducción de Oscar G. Carrera. |
| 260 |
_aMéxico : _bUnión Tipográfica Editorial Hispano-Americana, _c1948. |
||
| 300 |
_a2 tomos, 4 lám. : _bil. ; _c25 cm. |
||
| 700 | 1 |
_aSpivack, Julius L. _9107776 |
|
| 700 | 1 |
_aCarrera, Oscar G. _935633 |
|
| 852 |
_aES-MaACL _jE-1540-41 _bR.28830 |
||
| 999 |
_c147989 _d147989 |
||